000 00610nam a2200205 u 4500
005 20230316063602.0
008 130904s2010 r 000 0 eng d
020 _a9788496974661
035 _aUPN01000192611
049 _aI
050 4 _aPR5820
_bS7.2
100 1 _aWilde, Oscar,
_d1854-1900
_928364
245 1 3 _aEl niño estrella /
_cOscar Wilde ; tr. de Elisabeth Falomir Archambault.
260 _aMadrid :
_bGadir,
_cc2010.
300 _a65 p. :
_bil. col
534 _pTítulo original:
_tThe star child
650 4 _aCuentos infantiles ingleses
_910002
905 _aInfantil
999 _c164713
_d164713